[Event "6. Esbjerg Efterår - Esbjergmesterskabet 2023"]
[Site "Rybners HTX"]
[Date "????.??.??"]
[Round "2.1"]
[White "Ladefoged, Simon Degnbøl"]
[Black "Ramsdal, Jens Albert"]
[Result "0-1"]
[WhiteElo "1863"]
[BlackElo "2408"]

1. Nf3 {[%clk 00:20:08]} {[%emt 00:00:01]} Nf6 {[%clk 00:20:06]} {[%emt
00:00:04]} 2. d4 {[%clk 00:20:07]} {[%emt 00:00:06]} b6 {[%clk 00:19:57]}
{[%emt 00:00:15]} 3. g3 {[%clk 00:20:09]} {[%emt 00:00:03]} Bb7 {[%clk
00:20:00]} {[%emt 00:00:02]} 4. Bg2 {[%clk 00:20:11]} {[%emt 00:00:02]} e6
{[%clk 00:19:40]} {[%emt 00:00:25]} 5. c4 {[%clk 00:19:24]} {[%emt 00:00:52]}
Be7 {[%clk 00:19:43]} {[%emt 00:00:02]} 6. Nc3 {[%clk 00:18:50]} {[%emt
00:00:39]} O-O {[%clk 00:19:42]} {[%emt 00:00:06]} 7. O-O {[%clk 00:18:43]}
{[%emt 00:00:12]} d6 {[%clk 00:19:09]} {[%emt 00:00:39]} 8. Bf4 {[%clk
00:17:43]} {[%emt 00:01:05]} Nbd7 {[%clk 00:19:10]} {[%emt 00:00:05]} 9. h3
{[%clk 00:17:14]} {[%emt 00:00:33]} Re8 {[%clk 00:19:13]} {[%emt 00:00:03]} 10.
Qd2 {[%clk 00:16:58]} {[%emt 00:00:21]} Nh5 {[%clk 00:17:52]} {[%emt 00:01:26]}
11. Bg5 {[%clk 00:15:29]} {[%emt 00:01:34]} f6 {[%clk 00:17:54]} {[%emt
00:00:03]} 12. Be3 {[%clk 00:15:31]} {[%emt 00:00:03]} f5 {[%clk 00:17:51]}
{[%emt 00:00:08]} 13. Bg5 {[%clk 00:14:25]} {[%emt 00:01:11]} Nhf6 {[%clk
00:17:53]} {[%emt 00:00:02]} 14. Rad1 {[%clk 00:13:22]} {[%emt 00:01:08]} h6
{[%clk 00:14:34]} {[%emt 00:03:25]} 15. Bxf6 {[%clk 00:12:08]} {[%emt
00:01:18]} Nxf6 {[%clk 00:14:34]} {[%emt 00:00:05]} 16. d5 {[%clk 00:11:21]}
{[%emt 00:00:53]} e5 {[%clk 00:14:25]} {[%emt 00:00:14]} 17. Nh4 {[%clk
00:10:28]} {[%emt 00:00:58]} Qd7 {[%clk 00:13:16]} {[%emt 00:01:14]} 18. Nf3
{[%clk 00:08:20]} {[%emt 00:02:13]} Rf8 {[%clk 00:12:31]} {[%emt 00:00:51]} 19.
Kh2 {[%clk 00:07:47]} {[%emt 00:00:37]} Rae8 {[%clk 00:12:34]} {[%emt
00:00:02]} 20. e3 {[%clk 00:06:56]} {[%emt 00:00:56]} Bd8 {[%clk 00:12:18]}
{[%emt 00:00:21]} 21. Qc2 {[%clk 00:06:43]} {[%emt 00:00:18]} a5 {[%clk
00:11:27]} {[%emt 00:00:56]} 22. e4 {[%clk 00:06:22]} {[%emt 00:00:27]} f4
{[%clk 00:07:47]} {[%emt 00:03:46]} 23. Ne2 {[%clk 00:05:41]} {[%emt 00:00:45]}
g5 {[%clk 00:07:41]} {[%emt 00:00:11]} 24. gxf4 {[%clk 00:05:27]} {[%emt
00:00:19]} gxf4 {[%clk 00:07:40]} {[%emt 00:00:06]} 25. Rg1 {[%clk 00:05:16]}
{[%emt 00:00:16]} Kh7 {[%clk 00:07:26]} {[%emt 00:00:18]} 26. Nxf4 {[%clk
00:04:18]} {[%emt 00:01:03]} Ng4+ {[%clk 00:07:14]} {[%emt 00:00:17]} 27. hxg4
{[%clk 00:04:06]} {[%emt 00:00:17]} Rxf4 {[%clk 00:07:17]} {[%emt 00:00:03]} 28.
g5 {[%clk 00:03:17]} {[%emt 00:00:54]} Bc8 {[%clk 00:07:04]} {[%emt 00:00:18]}
29. g6+ {[%clk 00:03:11]} {[%emt 00:00:11]} Kg7 {[%clk 00:07:02]} {[%emt
00:00:07]} 30. Rh1 {[%clk 00:02:14]} {[%emt 00:01:02]} Ref8 {[%clk 00:06:58]}
{[%emt 00:00:09]} 31. Rd2 {[%clk 00:02:14]} {[%emt 00:00:05]} Rxf3 {[%clk
00:06:16]} {[%emt 00:00:47]} 32. Bxf3 {[%clk 00:02:11]} {[%emt 00:00:08]} Qh3+
{[%clk 00:06:12]} {[%emt 00:00:09]} 33. Kg1 {[%clk 00:02:14]} {[%emt 00:00:02]}
Qxf3 {[%clk 00:06:15]} {[%emt 00:00:02]} 34. Qd3 {[%clk 00:02:06]} {[%emt
00:00:14]} Qf4 {[%clk 00:05:33]} {[%emt 00:00:46]} 35. Rh2 {[%clk 00:01:59]}
{[%emt 00:00:12]} Bg5 {[%clk 00:05:29]} {[%emt 00:00:09]} 36. Re2 {[%clk
00:01:56]} {[%emt 00:00:09]} Bg4 {[%clk 00:05:30]} {[%emt 00:00:04]} 37. Re1
{[%clk 00:01:51]} {[%emt 00:00:11]} Bf3 {[%clk 00:05:31]} {[%emt 00:00:03]} 38.
Rh3 {[%clk 00:01:45]} {[%emt 00:00:11]} Bg2 {[%clk 00:05:09]} {[%emt 00:00:27]}
0-1

[Event "6. Esbjerg Efterår - Esbjergmesterskabet 2023"]
[Site "Rybners HTX"]
[Date "????.??.??"]
[Round "2.2"]
[White "Fries Nielsen, Jens Ove"]
[Black "Ramsdal, Mikkel"]
[Result "1-0"]
[WhiteElo "2398"]
[BlackElo "1763"]

1. d4 {[%clk 00:20:03]} {[%emt 00:00:06]} Nf6 {[%clk 00:20:05]} {[%emt
00:00:05]} 2. Nc3 {[%clk 00:20:06]} {[%emt 00:00:03]} d5 {[%clk 00:20:02]}
{[%emt 00:00:08]} 3. Bf4 {[%clk 00:20:09]} {[%emt 00:00:02]} e6 {[%clk
00:20:02]} {[%emt 00:00:05]} 4. Nb5 {[%clk 00:20:04]} {[%emt 00:00:10]} Na6
{[%clk 00:19:26]} {[%emt 00:00:41]} 5. e3 {[%clk 00:19:55]} {[%emt 00:00:14]}
c6 {[%clk 00:19:24]} {[%emt 00:00:07]} 6. Nc3 {[%clk 00:19:58]} {[%emt
00:00:02]} Nc7 {[%clk 00:19:27]} {[%emt 00:00:02]} 7. a3 {[%clk 00:19:43]}
{[%emt 00:00:21]} Bd6 {[%clk 00:19:28]} {[%emt 00:00:04]} 8. Nf3 {[%clk
00:19:28]} {[%emt 00:00:20]} Bxf4 {[%clk 00:18:07]} {[%emt 00:01:26]} 9. exf4
{[%clk 00:16:55]} {[%emt 00:02:38]} O-O {[%clk 00:18:10]} {[%emt 00:00:02]} 10.
Bd3 {[%clk 00:16:52]} {[%emt 00:00:08]} Nce8 {[%clk 00:17:57]} {[%emt
00:00:18]} 11. O-O {[%clk 00:16:17]} {[%emt 00:00:40]} Nd6 {[%clk 00:18:01]}
{[%emt 00:00:02]} 12. Re1 {[%clk 00:16:12]} {[%emt 00:00:10]} b6 {[%clk
00:17:44]} {[%emt 00:00:22]} 13. Ne5 {[%clk 00:16:05]} {[%emt 00:00:12]} Bb7
{[%clk 00:17:45]} {[%emt 00:00:04]} 14. Re3 {[%clk 00:15:48]} {[%emt 00:00:21]}
c5 {[%clk 00:17:40]} {[%emt 00:00:11]} 15. Rh3 {[%clk 00:15:51]} {[%emt
00:00:02]} g6 {[%clk 00:16:38]} {[%emt 00:01:07]} 16. Qe1 {[%clk 00:13:59]}
{[%emt 00:01:56]} Nfe4 {[%clk 00:15:28]} {[%emt 00:01:15]} 17. f3 {[%clk
00:13:10]} {[%emt 00:00:54]} Nxc3 {[%clk 00:15:20]} {[%emt 00:00:13]} 18. bxc3
{[%clk 00:13:13]} {[%emt 00:00:01]} Rc8 {[%clk 00:14:07]} {[%emt 00:01:17]} 19.
g4 {[%clk 00:12:40]} {[%emt 00:00:39]} cxd4 {[%clk 00:13:56]} {[%emt 00:00:16]}
20. cxd4 {[%clk 00:12:44]} {[%emt 00:00:02]} Nc4 {[%clk 00:13:59]} {[%emt
00:00:01]} 21. f5 {[%clk 00:11:45]} {[%emt 00:01:05]} Qg5 {[%clk 00:12:45]}
{[%emt 00:01:19]} 22. fxe6 {[%clk 00:07:45]} {[%emt 00:04:05]} fxe6 {[%clk
00:12:42]} {[%emt 00:00:08]} 23. Nxc4 {[%clk 00:07:38]} {[%emt 00:00:11]} dxc4
{[%clk 00:12:22]} {[%emt 00:00:25]} 24. Qxe6+ {[%clk 00:07:42]} {[%emt
00:00:01]} Kg7 {[%clk 00:11:45]} {[%emt 00:00:41]} 25. Qd7+ {[%clk 00:07:07]}
{[%emt 00:00:40]} Rf7 {[%clk 00:11:20]} {[%emt 00:00:31]} 26. Rxh7+ {[%clk
00:07:10]} {[%emt 00:00:02]} Kxh7 {[%clk 00:11:10]} {[%emt 00:00:14]} 27. Qxf7+
{[%clk 00:07:12]} {[%emt 00:00:03]} Kh6 {[%clk 00:11:05]} {[%emt 00:00:10]} 28.
Qxb7 {[%clk 00:06:57]} {[%emt 00:00:21]} cxd3 {[%clk 00:10:44]} {[%emt
00:00:27]} 29. Qxc8 {[%clk 00:06:54]} {[%emt 00:00:08]} Qe3+ {[%clk 00:10:45]}
{[%emt 00:00:03]} 30. Kg2 {[%clk 00:06:45]} {[%emt 00:00:14]} d2 {[%clk
00:09:54]} {[%emt 00:00:56]} 31. Qh8+ {[%clk 00:06:35]} {[%emt 00:00:15]} Kg5
{[%clk 00:09:56]} {[%emt 00:00:03]} 32. h4+ {[%clk 00:06:34]} {[%emt 00:00:06]}
Kf4 {[%clk 00:09:50]} {[%emt 00:00:11]} 33. Qf6# 1-0

[Event "6. Esbjerg Efterår - Esbjergmesterskabet 2023"]
[Site "Rybners HTX"]
[Date "????.??.??"]
[Round "2.3"]
[White "Madsen, Jens Ingemann"]
[Black "Skytte, Rasmus"]
[Result "0-1"]
[WhiteElo "1833"]
[BlackElo "2322"]

1. e4 {[%clk 00:20:07]} {[%emt 00:00:02]} c5 {[%clk 00:20:02]} {[%emt
00:00:08]} 2. c3 {[%clk 00:20:03]} {[%emt 00:00:09]} Nf6 {[%clk 00:20:00]}
{[%emt 00:00:07]} 3. e5 {[%clk 00:20:07]} {[%emt 00:00:02]} Nd5 {[%clk
00:20:03]} {[%emt 00:00:01]} 4. Nf3 {[%clk 00:19:40]} {[%emt 00:00:33]} e6
{[%clk 00:20:01]} {[%emt 00:00:07]} 5. d4 {[%clk 00:19:09]} {[%emt 00:00:36]}
cxd4 {[%clk 00:20:02]} {[%emt 00:00:04]} 6. cxd4 {[%clk 00:18:26]} {[%emt
00:00:49]} d6 {[%clk 00:19:57]} {[%emt 00:00:10]} 7. exd6 {[%clk 00:17:03]}
{[%emt 00:01:29]} Qxd6 {[%clk 00:18:40]} {[%emt 00:01:20]} 8. Nc3 {[%clk
00:16:30]} {[%emt 00:00:39]} Nc6 {[%clk 00:18:36]} {[%emt 00:00:09]} 9. Be2
{[%clk 00:16:07]} {[%emt 00:00:28]} Be7 {[%clk 00:18:37]} {[%emt 00:00:03]} 10.
O-O {[%clk 00:15:49]} {[%emt 00:00:24]} O-O {[%clk 00:18:37]} {[%emt 00:00:04]}
11. Ne4 {[%clk 00:14:25]} {[%emt 00:01:30]} Qd8 {[%clk 00:18:27]} {[%emt
00:00:14]} 12. a3 {[%clk 00:14:14]} {[%emt 00:00:18]} b6 {[%clk 00:18:27]}
{[%emt 00:00:04]} 13. Ne5 {[%clk 00:13:42]} {[%emt 00:00:37]} Bb7 {[%clk
00:18:22]} {[%emt 00:00:09]} 14. Bf3 {[%clk 00:13:15]} {[%emt 00:00:34]} Rc8
{[%clk 00:18:10]} {[%emt 00:00:16]} 15. Qd3 {[%clk 00:12:48]} {[%emt 00:00:33]}
Nxe5 {[%clk 00:16:48]} {[%emt 00:01:26]} 16. dxe5 {[%clk 00:12:48]} {[%emt
00:00:05]} Qc7 {[%clk 00:16:37]} {[%emt 00:00:15]} 17. Bg5 {[%clk 00:06:12]}
{[%emt 00:06:42]} Qxe5 {[%clk 00:15:56]} {[%emt 00:00:45]} 18. Bxe7 {[%clk
00:06:12]} {[%emt 00:00:06]} Nxe7 {[%clk 00:15:56]} {[%emt 00:00:04]} 19. Nf6+
{[%clk 00:05:38]} {[%emt 00:00:40]} Qxf6 {[%clk 00:15:44]} {[%emt 00:00:16]} 20.
Bxb7 {[%clk 00:05:41]} {[%emt 00:00:03]} Rcd8 {[%clk 00:14:36]} {[%emt
00:01:12]} 21. Qa6 {[%clk 00:05:28]} {[%emt 00:00:20]} Qxb2 {[%clk 00:12:08]}
{[%emt 00:02:32]} 22. Rab1 {[%clk 00:05:22]} {[%emt 00:00:12]} Qa2 {[%clk
00:11:05]} {[%emt 00:01:06]} 23. Qxa7 {[%clk 00:04:54]} {[%emt 00:00:34]} Nf5
{[%clk 00:10:51]} {[%emt 00:00:19]} 24. Qxb6 {[%clk 00:03:27]} {[%emt
00:01:32]} Qxa3 {[%clk 00:10:11]} {[%emt 00:00:44]} 25. Be4 {[%clk 00:03:24]}
{[%emt 00:00:09]} Nd4 {[%clk 00:09:29]} {[%emt 00:00:46]} 26. Qb4 {[%clk
00:02:42]} {[%emt 00:00:47]} Qxb4 {[%clk 00:08:32]} {[%emt 00:01:02]} 27. Rxb4
{[%clk 00:02:46]} {[%emt 00:00:01]} Ne2+ {[%clk 00:08:03]} {[%emt 00:00:32]} 28.
Kh1 {[%clk 00:02:50]} {[%emt 00:00:02]} Rd2 {[%clk 00:07:59]} {[%emt 00:00:10]}
29. h4 {[%clk 00:02:05]} {[%emt 00:00:51]} g6 {[%clk 00:07:43]} {[%emt
00:00:19]} 30. Rc4 {[%clk 00:01:13]} {[%emt 00:00:58]} Rfd8 {[%clk 00:07:41]}
{[%emt 00:00:06]} 31. Rc2 {[%clk 00:01:10]} {[%emt 00:00:10]} Rxc2 {[%clk
00:07:33]} {[%emt 00:00:12]} 32. Bxc2 {[%clk 00:01:14]} {[%emt 00:00:02]} Rd2
{[%clk 00:07:33]} {[%emt 00:00:04]} 33. Be4 {[%clk 00:01:10]} {[%emt 00:00:10]}
Rd4 {[%clk 00:07:35]} {[%emt 00:00:02]} 34. f3 {[%clk 00:00:48]} {[%emt
00:00:27]} Ng3+ {[%clk 00:07:29]} {[%emt 00:00:03]} 0-1

[Event "6. Esbjerg Efterår - Esbjergmesterskabet 2023"]
[Site "Rybners HTX"]
[Date "????.??.??"]
[Round "2.4"]
[White "Rødgaard, John"]
[Black "Bruntse, Kathrine Lindegaard"]
[Result "1/2-1/2"]
[WhiteElo "2285"]
[BlackElo "1711"]

1. Nf3 {[%clk 00:20:05]} {[%emt 00:00:03]} d5 {[%clk 00:20:08]} {[%emt
00:00:03]} 2. d4 {[%clk 00:20:02]} {[%emt 00:00:07]} Nf6 {[%clk 00:20:07]}
{[%emt 00:00:08]} 3. c4 {[%clk 00:20:03]} {[%emt 00:00:03]} c6 {[%clk
00:20:08]} {[%emt 00:00:04]} 4. Nbd2 {[%clk 00:19:33]} {[%emt 00:00:34]} e6
{[%clk 00:18:31]} {[%emt 00:01:44]} 5. Qc2 {[%clk 00:17:57]} {[%emt 00:01:40]}
Nbd7 {[%clk 00:17:26]} {[%emt 00:01:10]} 6. g3 {[%clk 00:17:01]} {[%emt
00:01:01]} Bd6 {[%clk 00:16:54]} {[%emt 00:00:37]} 7. Bg2 {[%clk 00:16:47]}
{[%emt 00:00:19]} O-O {[%clk 00:16:43]} {[%emt 00:00:17]} 8. O-O {[%clk
00:16:44]} {[%emt 00:00:06]} e5 {[%clk 00:14:58]} {[%emt 00:01:50]} 9. cxd5
{[%clk 00:14:25]} {[%emt 00:02:24]} Nxd5 {[%clk 00:13:35]} {[%emt 00:01:29]} 10.
Nc4 {[%clk 00:12:09]} {[%emt 00:02:21]} Qe7 {[%clk 00:11:42]} {[%emt 00:01:59]}
11. Nxd6 {[%clk 00:08:13]} {[%emt 00:04:01]} Qxd6 {[%clk 00:11:41]} {[%emt
00:00:04]} 12. Nxe5 {[%clk 00:07:32]} {[%emt 00:00:48]} Nxe5 {[%clk 00:11:19]}
{[%emt 00:00:27]} 13. dxe5 {[%clk 00:07:33]} {[%emt 00:00:03]} Qxe5 {[%clk
00:11:18]} {[%emt 00:00:07]} 14. e4 {[%clk 00:06:37]} {[%emt 00:00:59]} Nf6
{[%clk 00:08:59]} {[%emt 00:02:25]} 15. Bf4 {[%clk 00:06:08]} {[%emt 00:00:33]}
Qe7 {[%clk 00:07:01]} {[%emt 00:02:04]} 16. Rfd1 {[%clk 00:04:59]} {[%emt
00:01:13]} Rd8 {[%clk 00:06:36]} {[%emt 00:00:32]} 17. Rxd8+ {[%clk 00:04:24]}
{[%emt 00:00:39]} Qxd8 {[%clk 00:06:39]} {[%emt 00:00:02]} 18. Rd1 {[%clk
00:04:27]} {[%emt 00:00:02]} Qe8 {[%clk 00:06:07]} {[%emt 00:00:37]} 19. Qd3
{[%clk 00:03:14]} {[%emt 00:01:18]} Bg4 {[%clk 00:05:01]} {[%emt 00:01:12]} 20.
f3 {[%clk 00:03:10]} {[%emt 00:00:08]} Be6 {[%clk 00:05:02]} {[%emt 00:00:04]}
21. a3 {[%clk 00:03:06]} {[%emt 00:00:09]} h6 {[%clk 00:04:01]} {[%emt
00:01:06]} 22. g4 {[%clk 00:02:51]} {[%emt 00:00:19]} Nd7 {[%clk 00:03:26]}
{[%emt 00:00:42]} 23. Qd6 {[%clk 00:02:33]} {[%emt 00:00:22]} Qf8 {[%clk
00:02:28]} {[%emt 00:01:03]} 24. Bf1 {[%clk 00:01:55]} {[%emt 00:00:43]} Qxd6
{[%clk 00:01:39]} {[%emt 00:00:55]} 25. Bxd6 {[%clk 00:01:56]} {[%emt
00:00:04]} f6 {[%clk 00:01:41]} {[%emt 00:00:04]} 26. Kf2 {[%clk 00:01:53]}
{[%emt 00:00:07]} Kf7 {[%clk 00:01:43]} {[%emt 00:00:03]} 27. h3 {[%clk
00:01:42]} {[%emt 00:00:16]} Ne5 {[%clk 00:01:26]} {[%emt 00:00:22]} 28. Bc5
{[%clk 00:01:21]} {[%emt 00:00:26]} b6 {[%clk 00:01:05]} {[%emt 00:00:27]} 29.
Be3 {[%clk 00:01:23]} {[%emt 00:00:02]} Ke7 {[%clk 00:00:53]} {[%emt 00:00:17]}
30. f4 {[%clk 00:01:21]} {[%emt 00:00:08]} Nc4 {[%clk 00:00:54]} {[%emt
00:00:04]} 31. Bc1 {[%clk 00:01:22]} {[%emt 00:00:03]} Nd6 {[%clk 00:00:45]}
{[%emt 00:00:14]} 32. Kf3 {[%clk 00:01:18]} {[%emt 00:00:08]} Rd8 {[%clk
00:00:29]} {[%emt 00:00:22]} 33. Rd2 {[%clk 00:01:02]} {[%emt 00:00:21]} Bf7
{[%clk 00:00:25]} {[%emt 00:00:09]} 34. e5 {[%clk 00:00:29]} {[%emt 00:00:39]}
fxe5 {[%clk 00:00:25]} {[%emt 00:00:05]} 35. fxe5 {[%clk 00:00:33]} Nc4 {[%clk
00:00:21]} {[%emt 00:00:09]} 36. Rxd8 {[%clk 00:00:35]} {[%emt 00:00:02]} Kxd8
{[%clk 00:00:25]} {[%emt 00:00:01]} 37. Kf4 {[%clk 00:00:36]} {[%emt 00:00:04]}
Ke7 {[%clk 00:00:20]} {[%emt 00:00:10]} 38. h4 {[%clk 00:00:34]} {[%emt
00:00:07]} Be6 {[%clk 00:00:17]} {[%emt 00:00:08]} 39. g5 {[%clk 00:00:32]}
{[%emt 00:00:07]} hxg5+ {[%clk 00:00:15]} {[%emt 00:00:06]} 40. hxg5 {[%clk
00:00:36]} g6 {[%clk 00:00:19]} {[%emt 00:00:02]} 41. Bd3 {[%clk 00:00:36]}
{[%emt 00:00:04]} Bf7 {[%clk 00:00:20]} {[%emt 00:00:04]} 42. b4 {[%clk
00:00:29]} {[%emt 00:00:12]} b5 {[%clk 00:00:22]} {[%emt 00:00:03]} 43. Be4
{[%clk 00:00:27]} {[%emt 00:00:07]} Kd7 {[%clk 00:00:24]} {[%emt 00:00:04]} 44.
Bf3 {[%clk 00:00:27]} {[%emt 00:00:05]} a6 {[%clk 00:00:27]} {[%emt 00:00:02]}
45. Bg4+ {[%clk 00:00:26]} {[%emt 00:00:05]} Ke7 {[%clk 00:00:30]} {[%emt
00:00:02]} 46. Ke4 {[%clk 00:00:25]} {[%emt 00:00:06]} Bd5+ {[%clk 00:00:33]}
{[%emt 00:00:02]} 47. Kd4 {[%clk 00:00:29]} {[%emt 00:00:01]} Nb6 {[%clk
00:00:29]} {[%emt 00:00:09]} 48. Bd1 {[%clk 00:00:26]} {[%emt 00:00:07]} Nd7
{[%clk 00:00:31]} {[%emt 00:00:03]} 49. Bf4 {[%clk 00:00:25]} {[%emt 00:00:06]}
Nf8 {[%clk 00:00:20]} {[%emt 00:00:16]} 50. Be3 {[%clk 00:00:21]} {[%emt
00:00:08]} Ne6+ {[%clk 00:00:23]} {[%emt 00:00:03]} 51. Kc3 {[%clk 00:00:25]}
Kf7 {[%clk 00:00:23]} {[%emt 00:00:05]} 52. Bg4 {[%clk 00:00:27]} {[%emt
00:00:02]} Ke7 {[%clk 00:00:27]} {[%emt 00:00:02]} 53. Bc1 {[%clk 00:00:29]}
{[%emt 00:00:03]} Kf7 {[%clk 00:00:30]} {[%emt 00:00:01]} 54. Bd1 {[%clk
00:00:26]} {[%emt 00:00:08]} Ke7 {[%clk 00:00:32]} {[%emt 00:00:04]} 55. a4
{[%clk 00:00:29]} {[%emt 00:00:02]} Kf7 {[%clk 00:00:23]} {[%emt 00:00:14]} 56.
a5 {[%clk 00:00:33]} {[%emt 00:00:01]} Ke7 {[%clk 00:00:26]} {[%emt 00:00:02]}
57. Be3 {[%clk 00:00:35]} {[%emt 00:00:02]} Kf7 {[%clk 00:00:28]} {[%emt
00:00:03]} 58. Bc2 {[%clk 00:00:39]} {[%emt 00:00:02]} Kg7 {[%clk 00:00:30]}
{[%emt 00:00:03]} 59. Kd2 {[%clk 00:00:30]} {[%emt 00:00:13]} Kf7 {[%clk
00:00:34]} {[%emt 00:00:02]} 60. Ke2 {[%clk 00:00:32]} {[%emt 00:00:02]} Kg7
{[%clk 00:00:37]} {[%emt 00:00:02]} 61. Kf2 {[%clk 00:00:36]} {[%emt 00:00:01]}
Kf7 {[%clk 00:00:40]} {[%emt 00:00:02]} 62. Kg3 {[%clk 00:00:40]} Kg7 {[%clk
00:00:44]} {[%emt 00:00:02]} 63. Kg4 {[%clk 00:00:44]} Kf7 {[%clk 00:00:46]}
{[%emt 00:00:03]} 64. Bb6 {[%clk 00:00:23]} {[%emt 00:00:26]} Kg7 {[%clk
00:00:34]} {[%emt 00:00:16]} 65. Bd3 {[%clk 00:00:27]} {[%emt 00:00:01]} Kf7
{[%clk 00:00:33]} {[%emt 00:00:06]} 66. Be3 {[%clk 00:00:27]} {[%emt 00:00:04]}
Kg7 {[%clk 00:00:37]} {[%emt 00:00:02]} 67. Bc2 {[%clk 00:00:17]} {[%emt
00:00:15]} Kf7 {[%clk 00:00:40]} {[%emt 00:00:02]} 1/2-1/2

[Event "6. Esbjerg Efterår - Esbjergmesterskabet 2023"]
[Site "Rybners HTX"]
[Date "????.??.??"]
[Round "2.5"]
[White "Sejersen, Christian"]
[Black "Hansen, Lars"]
[Result "0-1"]
[WhiteElo "1723"]
[BlackElo "2229"]

1. Nf3 {[%clk 00:20:08]} {[%emt 00:00:02]} Nf6 {[%clk 00:20:01]} {[%emt
00:00:09]} 2. g3 {[%clk 00:20:09]} {[%emt 00:00:03]} b6 {[%clk 00:19:42]}
{[%emt 00:00:24]} 3. Bg2 {[%clk 00:20:03]} {[%emt 00:00:11]} Bb7 {[%clk
00:19:45]} {[%emt 00:00:02]} 4. O-O {[%clk 00:19:41]} {[%emt 00:00:27]} e6
{[%clk 00:19:46]} {[%emt 00:00:05]} 5. d3 {[%clk 00:19:42]} {[%emt 00:00:04]}
Be7 {[%clk 00:19:39]} {[%emt 00:00:12]} 6. e4 {[%clk 00:19:29]} {[%emt
00:00:18]} d5 {[%clk 00:19:27]} {[%emt 00:00:16]} 7. exd5 {[%clk 00:18:19]}
{[%emt 00:01:16]} exd5 {[%clk 00:19:20]} {[%emt 00:00:12]} 8. Nh4 {[%clk
00:17:20]} {[%emt 00:01:04]} O-O {[%clk 00:16:33]} {[%emt 00:02:51]} 9. Nf5
{[%clk 00:17:10]} {[%emt 00:00:15]} Re8 {[%clk 00:14:30]} {[%emt 00:02:08]} 10.
Nxe7+ {[%clk 00:16:07]} {[%emt 00:01:08]} Qxe7 {[%clk 00:14:33]} 11. Nc3 {[%clk
00:14:52]} {[%emt 00:01:20]} c6 {[%clk 00:13:49]} {[%emt 00:00:50]} 12. Bg5
{[%clk 00:14:49]} {[%emt 00:00:08]} h6 {[%clk 00:13:36]} {[%emt 00:00:17]} 13.
Bd2 {[%clk 00:14:14]} {[%emt 00:00:40]} Nbd7 {[%clk 00:13:25]} {[%emt
00:00:16]} 14. Re1 {[%clk 00:14:07]} {[%emt 00:00:12]} Qc5 {[%clk 00:12:25]}
{[%emt 00:01:05]} 15. h3 {[%clk 00:13:40]} {[%emt 00:00:33]} Nf8 {[%clk
00:12:14]} {[%emt 00:00:15]} 16. Ne2 {[%clk 00:12:32]} {[%emt 00:01:13]} Ne6
{[%clk 00:11:38]} {[%emt 00:00:41]} 17. c3 {[%clk 00:12:02]} {[%emt 00:00:35]}
Ba6 {[%clk 00:10:55]} {[%emt 00:00:49]} 18. d4 {[%clk 00:11:58]} {[%emt
00:00:09]} Qd6 {[%clk 00:10:25]} {[%emt 00:00:34]} 19. Nf4 {[%clk 00:11:30]}
{[%emt 00:00:33]} Ng5 {[%clk 00:10:05]} {[%emt 00:00:25]} 20. f3 {[%clk
00:10:28]} {[%emt 00:01:06]} Rxe1+ {[%clk 00:09:05]} {[%emt 00:01:06]} 21. Qxe1
{[%clk 00:09:55]} {[%emt 00:00:39]} Re8 {[%clk 00:09:05]} {[%emt 00:00:04]} 22.
Qd1 {[%clk 00:09:48]} {[%emt 00:00:12]} Bc8 {[%clk 00:07:11]} {[%emt 00:01:59]}
23. Qc2 {[%clk 00:09:05]} {[%emt 00:00:48]} Nxh3+ {[%clk 00:05:43]} {[%emt
00:01:33]} 24. Nxh3 {[%clk 00:08:33]} {[%emt 00:00:37]} Bxh3 {[%clk 00:05:43]}
{[%emt 00:00:04]} 25. Bf4 {[%clk 00:08:34]} {[%emt 00:00:06]} Qe6 {[%clk
00:05:10]} {[%emt 00:00:36]} 26. Be5 {[%clk 00:06:31]} {[%emt 00:02:09]} Nd7
{[%clk 00:04:39]} {[%emt 00:00:36]} 27. g4 {[%clk 00:05:58]} {[%emt 00:00:39]}
Bxg2 {[%clk 00:04:35]} {[%emt 00:00:08]} 28. Kxg2 {[%clk 00:05:00]} {[%emt
00:01:02]} Nxe5 {[%clk 00:03:23]} {[%emt 00:01:18]} 29. Re1 {[%clk 00:04:53]}
{[%emt 00:00:12]} f6 {[%clk 00:03:11]} {[%emt 00:00:18]} 30. dxe5 {[%clk
00:03:38]} {[%emt 00:01:19]} fxe5 {[%clk 00:03:12]} {[%emt 00:00:04]} 31. a4
{[%clk 00:03:17]} {[%emt 00:00:27]} Qf6 {[%clk 00:02:59]} {[%emt 00:00:18]} 32.
Qe2 {[%clk 00:02:29]} {[%emt 00:00:52]} e4 {[%clk 00:02:35]} {[%emt 00:00:28]}
33. fxe4 {[%clk 00:02:22]} {[%emt 00:00:13]} Rxe4 {[%clk 00:02:38]} {[%emt
00:00:02]} 34. Qd1 {[%clk 00:01:54]} {[%emt 00:00:33]} Qe6 {[%clk 00:02:06]}
{[%emt 00:00:37]} 35. Rxe4 {[%clk 00:01:31]} {[%emt 00:00:28]} Qxe4+ {[%clk
00:02:10]} {[%emt 00:00:01]} 36. Kg3 {[%clk 00:01:34]} {[%emt 00:00:01]} c5
{[%clk 00:02:08]} {[%emt 00:00:08]} 37. a5 {[%clk 00:01:26]} {[%emt 00:00:13]}
b5 {[%clk 00:01:44]} {[%emt 00:00:28]} 38. Qf1 {[%clk 00:00:45]} {[%emt
00:00:47]} a6 {[%clk 00:01:42]} {[%emt 00:00:07]} 39. Qf2 {[%clk 00:00:45]}
{[%emt 00:00:05]} d4 {[%clk 00:01:42]} {[%emt 00:00:05]} 40. cxd4 {[%clk
00:00:41]} {[%emt 00:00:09]} cxd4 {[%clk 00:01:41]} {[%emt 00:00:06]} 41. Qf4
{[%clk 00:00:28]} {[%emt 00:00:18]} Qxf4+ {[%clk 00:01:34]} {[%emt 00:00:12]}
42. Kxf4 {[%clk 00:00:32]} g6 {[%clk 00:01:21]} {[%emt 00:00:17]} 43. Ke4
{[%clk 00:00:36]} {[%emt 00:00:02]} h5 {[%clk 00:01:18]} {[%emt 00:00:08]} 44.
gxh5 {[%clk 00:00:37]} {[%emt 00:00:04]} gxh5 {[%clk 00:01:22]} 45. Kxd4 {[%clk
00:00:39]} {[%emt 00:00:02]} Kf7 {[%clk 00:01:20]} {[%emt 00:00:07]} 46. Kc5
{[%clk 00:00:32]} {[%emt 00:00:12]} h4 {[%clk 00:01:21]} {[%emt 00:00:10]} 0-1